| 000 | 00000nam##2200000za#4500 |
| 001 | 9.608039 |
| 003 | CaOODSP |
| 005 | 20210624213428 |
| 007 | cr ||||||||||| |
| 008 | 150406|2005||||xxc|||||o f|0| 0 fre|d |
| 040 | |aCaOODSP|bfre |
| 043 | |an-cn--- |
| 086 | 1 |aNH18-22/105-107F-PDF |
| 110 | 2 |aSociété canadienne d'hypothèques et de logement. |
| 245 | 10|aExpériences d'incendies, avertisseurs de fumée et extincteurs automatiques à eau dans les maisons privées au Canada : |h[ressource électronique]|brapports de recherche de la SCHL jusqu'à 2005 |
| 250 | |aRévision 2010 |
| 260 | |aOttawa - Ontario : |bSociété canadienne d'hypothèques et de logement |cc2005, 2010. |
| 300 | |a12p.|bfigures, références, tableaux |
| 490 | 1 |aLe point en recherche. Série technique|v05-107 |
| 500 | |aFichier reproduit à partir de l'original imprimé. |
| 590 | |a14-20-Supp|b2014-11-25 |
| 775 | 08|tFire experience, smoke alarms and sprinklers in Canadian houses : |w(CaOODSP)9.581193 |
| 776 | 0#|tExpériences d'incendies, avertisseurs de fumée et extincteurs automatiques à eau dans les maisons privées au Canada : |w(CaOODSP)9.626969 |
| 830 | #0|aLe point en recherche. Série technique ;|v05-107|w(CaOODSP)9.501067 |
| 856 | 40|ahttp://publications.gc.ca|qPDF|s333 Ko|uhttps://publications.gc.ca/collections/collection_2014/schl-cmhc/NH18-22-105-107-fra.pdf|y05-107 |